000 00588nmm a2200193Ia 4500
008 251105s9999||||xx |||||||||||||||||und||
020 _a9788433980663
041 _aspa
100 _aTomasi di Lampedusa, Giuseppe
245 0 _aRelatos
264 _a[Madrid, España] :
_bEditorial Anagrama,
_c[Fecha de publicación no identificada]
300 _a0 páginas
490 _aPanorama de narrativas
650 _aOther narratives
700 _aTomasi di Lampedusa, Giuseppe
700 1 _a Pochtar, Ricardo
856 _uhttps://public.digitaliapublishing.com/a/80109
942 _cCF
999 _c71980
_d71980